| 000 -LEADER |
| fixed length control field |
00537cam a22001577a 4500 |
| 008 - FIXED-LENGTH DATA ELEMENTS--GENERAL INFORMATION |
| fixed length control field |
180718b2013 xxu||||| |||| 00| 0 eng d |
| 020 ## - INTERNATIONAL STANDARD BOOK NUMBER |
| International Standard Book Number |
9780273770411 |
| 082 ## - DEWEY DECIMAL CLASSIFICATION NUMBER |
| Classification number |
T25 L662i |
| 100 ## - MAIN ENTRY--PERSONAL NAME |
| Personal name |
Lipczynski, John, Wilson, John O.S, Goddard, John |
| 245 ## - TITLE STATEMENT |
| Title |
Industrial organization : competition, strategy and policy |
| Statement of responsibility, etc. |
by John Lipczynski, John O.S. Wilson , John Goddard |
| 250 ## - EDITION STATEMENT |
| Edition statement |
4th |
| 260 ## - PUBLICATION, DISTRIBUTION, ETC. |
| Place of publication, distribution, etc. |
Harlow |
| Name of publisher, distributor, etc. |
Pearson |
| Date of publication, distribution, etc. |
2013 |
| 300 ## - PHYSICAL DESCRIPTION |
| Extent |
836p. |
| 650 ## - SUBJECT ADDED ENTRY--TOPICAL TERM |
| Topical term or geographic name entry element |
Industrial organization (Economic theory) |
| 650 ## - SUBJECT ADDED ENTRY--TOPICAL TERM |
| Topical term or geographic name entry element |
Industrial organization |